000 00633cam a22002293a 4500
001 8865
003 PGUSA
005 20140828083205.0
008 050901s2005||||xxu|||||s|||||000 1 eng d
040 _aPGUSA
_beng
042 _adc
050 4 _aPS
100 1 _aDonnell, Annie Hamilton,
_d1862-
245 1 0 _aMiss Theodosia's Heartstrings
_h[electronic resource] /
_cAnnie Hamilton Donnell
260 _bProject Gutenberg,
_c2005
506 _aPublic domain in the USA.
516 _aElectronic text
653 _aFiction
830 0 _aProject Gutenberg
_v8865
856 4 0 _uhttp://www.gutenberg.org/ebooks/8865
942 _cEB
999 _c238149
_d238149